| 000 | 00586nam a2200193 a 4500 | ||
|---|---|---|---|
| 999 |
_c2303 _d2303 |
||
| 001 | 2303 | ||
| 003 | CDMR | ||
| 005 | 20230905133143.0 | ||
| 008 | 130130s1992||||||||||||||||||||||||||||d | ||
| 020 | _a8420696528 | ||
| 040 |
_aCDMR _bcat _cCDMR |
||
| 100 | 1 |
_aDíaz, Lorenzo _91719 |
|
| 245 | 1 | 3 |
_aLa radio en España, 1923-1993 _c/ Lorenzo Díaz ; prólogo de M. V. Montalbán |
| 260 |
_aMadrid : _bAlianza Editorial, _c1992 |
||
| 300 |
_a575 p. _c; 29 cm _e+ 1 CD |
||
| 650 | 0 | 4 |
_aRadiodifusió _zEspanya _91720 _xHistòria |
| 700 | 1 |
_aVázquez Montalbán, Manuel _9766 |
|
| 942 |
_cMON _2udc |
||